Normale Ansicht MARC-Ansicht ISBD

Architektur als Indikator der Machtansprüche / (Titelsatznr. 80650)

[ MARC ]
MARC-Details
000 -Satzkennung
Kontrollfeld mit fester Länge 00534nam a2200145 4500
008 - Feld mit fester Länge zur physischen Beschreibung - Allgemeine Angaben
Kontrollfeld mit fester Länge 210203b ||||| |||| 00| 0 eng d
040 ## - Katalogisierungsquelle
Original-Katalogisierungsstelle ISIL EINTRAGEN
Katalogisierungssprache ger
Übertragungsstelle ISIL EINTRAGEN
Beschreibungsfestlegungen rda
100 ## - Person oder Familie als 1. geistiger Schöpfer
Personenname Zalewski, Paul:
245 ## - Titel
Haupttitel Architektur als Indikator der Machtansprüche /
Verantwortlichkeitsangabe Paul Zalewski
773 ## - Übergeordnete Einheit
Titel Unbekannte Moderne Neue Städte Neue Menschen
Ort, Verlag und Erscheinungsjahr Cottbus ; Frankfurt (Oder): Brandenburgisches Landesmuseum für Moderne Kunst, [2020]
Verknüpfungsangaben S. 102-109
942 ## - Zusätzliche Felder (Koha)
Koha-Medientyp Aufsätze
Exemplare
Ausgeschieden Verloren Beschädigt Nicht entleihbar Permanenter Standort Aktueller Standort Aufstellungsort Eingabedatum Anzahl Ausleihen Signatur Letzte Aktivität Preis gültig von Medientyp
        Stadtarchiv Frankfurt (Oder) | Archivbibliothek Stadtarchiv Frankfurt (Oder) | Archivbibliothek Lesesaal 03/02/2021   D42 03/02/2021 03/02/2021 Aufsätze